The hidden theme of the song of songs (Record no. 9690)

MARC details
000 -LEADER
fixed length control field 00649nam a22002057a 4500
003 - CONTROL NUMBER IDENTIFIER
control field GBCCL
005 - DATE AND TIME OF LATEST TRANSACTION
control field 20241126110717.0
008 - FIXED-LENGTH DATA ELEMENTS--GENERAL INFORMATION
fixed length control field 230501b ||||| |||| 00| 0 eng d
020 ## - INTERNATIONAL STANDARD BOOK NUMBER
International Standard Book Number 9788184650242
020 ## - INTERNATIONAL STANDARD BOOK NUMBER
International Standard Book Number 8184650248
040 ## - CATALOGING SOURCE
Transcribing agency GBC
082 ## - DEWEY DECIMAL CLASSIFICATION NUMBER
Classification number 223.906
Item number JES
100 ## - MAIN ENTRY--PERSONAL NAME
Personal name Jesudas, Adavimannath Devadas
9 (RLIN) 16843
245 ## - TITLE STATEMENT
Title The hidden theme of the song of songs
260 ## - PUBLICATION, DISTRIBUTION, ETC.
Place of publication, distribution, etc. Delhi,
Name of publisher, distributor, etc. Indian Society for Promoting Christian Knowledge,
Date of publication, distribution, etc. 2010
300 ## - PHYSICAL DESCRIPTION
Extent xxii, 267 pages ;
Dimensions 22 cm
650 ## - SUBJECT ADDED ENTRY--TOPICAL TERM
Topical term or geographic name entry element Bible.
Form subdivision Song of Solomon
9 (RLIN) 16844
650 ## - SUBJECT ADDED ENTRY--TOPICAL TERM
Topical term or geographic name entry element Bible.
Form subdivision Song of Solomon
General subdivision Criticism, interpretation, etc
9 (RLIN) 16845
942 ## - ADDED ENTRY ELEMENTS (KOHA)
Source of classification or shelving scheme Dewey Decimal Classification
Koha item type Books
Koha issues (borrowed), all copies 1
Holdings
Withdrawn status Lost status Source of classification or shelving scheme Damaged status Not for loan Home library Current Library Shelving location Date acquired Total checkouts Full call number Barcode Date last seen Date last checked out Copy number Price effective from Koha item type
    Dewey Decimal Classification     GRACE BIBLE COLLEGE GRACE BIBLE COLLEGE Biblical Studies 2023-05-01 1 223.906 JES 016197 2025-05-01 2024-02-03 c.1 2023-05-01 Books
© Grace Bible College Library 2025